Markiplier Quiz - Statistics

General Stats
  • This quiz has been taken 47 times
  • The average score is 11 of 22
Answer Stats
Hint Answer % Correct
How old is he? (as of December 2021) 32
87%
What is Markiplier's natural hair color? Black (Dark)
84%
Which celebrity referred to Markiplier as Mr Iplier? Jack Black
82%
How many sisters does he have? 0
76%
What is the name of his dog? Chica
74%
What state does he live in now? California
71%
What is his most viewed video on his channel? MEOW
68%
What state did he grow up in? Ohio
66%
What is his real name? Mark Edward Fishbach
61%
What game made him throw a chair because he was so angry? Getting Over It
58%
What state was he born in? Hawaii
58%
What is his 2nd most viewed video on his channel? WOOF
58%
What liquid is he severly allergic to? Alcohol
47%
When is his birthday? 28th June
39%
What game did Markiplier play with Jack Black and his son? Five Nights At Freddy's 4
37%
How long did it take Markiplier to beat 4/20 mode on FNAF 1? 7 Hours
32%
Who did Markiplier claim to be his hero? His dad
26%
What was his first YouTube video on the Markiplier channel? Amnesia Reaction Compilation
18%
What is his favorite food? Chicken And Dumplings
13%
What is his most viewed gaming video on his channel? Five Nights At Freddy's Part 1
13%
What is the name of his brother? Jason
13%
What video did he make when he reached 1,000 subscribers? The Cinnamon Challenge
8%
No matching quizzes found
Score Distribution
Percent of People with Each Score
Percentile by Number Answered
Your Score History
You have not taken this quiz